000 00522nam a2200193 a 4500
001 10507
003 CO-ViMGA
008 141112s2004 ck r 000 u spa d
020 _a0943235162
040 _aCO-ViMGA
_bspa
_cCO-ViMGA
082 0 4 _a170.8 L17c
100 1 _aLarouch ; Lyndon,
_914154
245 1 0 _aCómo se volvió malvado Bertrand Russell
260 _aWashington,
_cResumen Ejecutivo de EIR,
_c1998
300 _a157p.
650 1 4 _aBIOGRAFIA
_914155
650 1 4 _aRUSESELL HITLER
_914156
942 _2ddc
_cBK
999 _c21833
_d21833